| 000 | 01399nas a22003490a 4500 | ||
|---|---|---|---|
| 001 | PT17664 | ||
| 003 | AR-LpoUNG | ||
| 005 | 20210201230628.0 | ||
| 008 | 201001s2003||||sp |||||||||||||||||spa d | ||
| 020 |
_a8476351860 _c$8.33 |
||
| 040 |
_aAR-LpoUNG _bspa _eaacr |
||
| 041 | _aspa | ||
| 044 | _asp | ||
| 082 | 0 | _a410 286v2 | |
| 100 | 1 | _aVaquero de Ramírez, María | |
| 245 | 1 | 3 |
_aEl español de América : _bmorfosintaxis y léxico |
| 250 | _a3§ ed. | ||
| 260 |
_aMadrid : _bArco, _c2003. |
||
| 300 |
_a68 p. _a(2 _fVolúmenes) _3Impreso |
||
| 490 | 0 |
_aCuadernos de Lengua Española ; _vv.29 |
|
| 490 | 0 | _aEl español de América | |
| 520 | _aSe tratan peculiaridades estudiatas en los primeros trabajos sobre el español de América , entre ellas las variaciones y discordancias de género y número, propias de las hablas populares. Por otra parte se da especial atención al voseo, como fenómeno de considerable extensión en América y, en otro nivel de análisis, se incluyen algunos de los fenómenos identificados como propios de zonas de contacto español-lenguas indígenas, con evidente grado de estigmatización social, según las últimas investigaciones. | ||
| 653 | _aARTICULOS | ||
| 653 | _aFORMAS VERBALES | ||
| 653 | _aGENERO | ||
| 653 | _aLENGUA | ||
| 653 | _aLEXICO AUTOCTONO | ||
| 653 | _aMAES | ||
| 653 | _aNUMERO | ||
| 905 | _a17664 | ||
| 942 | _cLIB | ||
| 999 |
_c52609 _d52609 |
||